Tocumen International Airport Destinations (Panama City, Panama) - Statistics

General Stats
  • This quiz has been taken 134 times
    32 since last reset
  • The average score is 63 of 94
Answer Stats
Airline Destination % Correct
Avianca/Copa Airlines Bogotá
100%
Copa Airlines Los Angeles
100%
Air France Paris (Charles de Gaulle)
100%
Copa Airlines São Paulo (Guarulhos)
100%
KLM Amsterdam
96%
Copa Airlines/Delta Air Lines Atlanta
96%
Aerolíneas Estelar/Copa Airlines/Venezolana Caracas
96%
United Airlines Houston (Intercontinental)
96%
Air Europa/Iberia Madrid
96%
Aeroméxico/Copa Airlines Mexico City
96%
Copa Airlines New York (JFK)
96%
Copa Airlines Rio de Janeiro (Galeão)
96%
Copa Airlines/United Airlines San Francisco
96%
Avianca Costa Rica/Copa Airlines San José (CR)
96%
Copa Airlines San José del Cabo
96%
Copa Airlines Lima
92%
American Airlines/Copa Airlines Miami
92%
Avianca El Salvador/Copa Airlines San Salvador
92%
Copa Airlines Santiago de Chile
92%
Copa Airlines Santiago de los Caballeros
92%
Copa Airlines Buenos Aires (Ezeiza)
88%
Copa Airlines Denver
88%
Copa Airlines Managua
88%
Copa Airlines/Copa Airlines Colombia Medellín (JMC)
88%
Copa Airlines Orlando
88%
Copa Airlines Quito
88%
Copa Airlines Boston
85%
Copa Airlines Brasília
85%
Copa Airlines Chicago (O'Hare)
85%
Turkish Airlines Istanbul
85%
Copa Airlines San Diego
85%
Copa Airlines Washington (Dulles)
85%
Copa Airlines Belize City
81%
Copa Airlines Cali
81%
Copa Airlines Cancún
81%
Copa Airlines Guatemala City
81%
Copa Airlines Monterrey
81%
Copa Airlines Santo Domingo (Las Americas)
81%
Copa Airlines Tampa
81%
Copa Airlines Toronto (Pearson)
81%
Copa Airlines Austin
77%
Copa Airlines Havana
77%
Copa Airlines Kingston (Norman Manley)
77%
Copa Airlines Montevideo
77%
United Airlines Newark
77%
Sunrise Airways Port-au-Prince
77%
Copa Airlines Salvador da Bahia
77%
Copa Airlines San Juan
77%
Copa Airlines Tegucigalpa
77%
WestJet Calgary
73%
Copa Airlines Fort Lauderdale
73%
Copa Airlines Guadalajara
73%
Copa Airlines Guayaquil
73%
Copa Airlines Asunción
69%
Copa Airlines Georgetown (Cheddi Jagan)
69%
Cayman Airways Grand Cayman
69%
Copa Airlines Las Vegas
69%
Copa Airlines Manaus
69%
Copa Airlines Montego Bay
69%
Copa Airlines Montréal (Trudeau)
69%
Copa Airlines Nassau
69%
Copa Airlines Port of Spain
69%
Copa Airlines Belo Horizonte (Confins)
65%
Copa Airlines Cartagena
65%
Copa Airlines Paramaribo
65%
Copa Airlines Santa Cruz de la Sierra (Viru Viru)
65%
Copa Airlines Barranquilla
62%
Copa Airlines Punta Cana
62%
Copa Airlines San Pedro Sula
62%
Copa Airlines Rosario
58%
Copa Airlines Cordoba (AR)
54%
Copa Airlines Baltimore
50%
Copa Airlines Porto Alegre
50%
Copa Airlines Bridgetown
42%
Copa Airlines St. Maarten
42%
Copa Airlines Florianópolis
35%
Turpial Airlines Valencia
35%
Copa Airlines Mendoza
31%
Copa Airlines Raleigh/Durham
31%
Copa Airlines Bucaramanga
27%
Copa Airlines David
23%
Copa Airlines Oranjestad
23%
Copa Airlines Puerto Plata
19%
Copa Airlines Willemstad
19%
Copa Airlines Cúcuta
15%
Copa Airlines Pereira
15%
Copa Airlines Salta
15%
Copa Airlines San Andrés
15%
Copa Airlines Santa Clara
15%
Copa Airlines Santa Marta
15%
RUTACA Airlines Barquisimeto
12%
Copa Airlines Manta
12%
Copa Airlines Chiclayo
8%
Copa Airlines Tucumán
8%
No matching quizzes found
Score Distribution
Percent of People with Each Score
Percentile by Number Answered
Your Score History
You have not taken this quiz since the last reset